000 00993nam a2200277 i 4500
001 20969
003 ES-MaACL
005 20240418063058.0
007 t|
008 021119s1883 sp |||| |dspa d
080 _a821.134.2-9"18"
080 _a913(460)"18"
100 1 _aAlarcón, Pedro Antonio de,
_d1833-1891
_919134
245 1 0 _aViajes por España /
_cde Pedro Antonio de Alarcón.
260 _aMadrid :
_b[s.n.],
_c1883 (
_fImp. de A. Pérez Dubrull)
300 _a335 p. ;
_c18 cm.
490 1 _aColección de escritores castellanos
490 1 _aObras de Pedro Antonio de Alarcón
530 _aDisponible en formato digital.
651 4 _aEspaña-
_xDescripción-
_yS.XIX.
_98185
830 1 _aColección de escritores castellanos
_9180741
830 1 _aObras de Pedro Antonio de Alarcón
_9180742
852 4 _aES-MaACL
_jB-3116
856 4 _uhttp://bdh-rd.bne.es/viewer.vm?id=0000056529&page=1
_zBiblioteca Digital Hispánica
999 _c20969
_d20969